[Event "Muensterland Verbandsliga playoff 5-8"]
[Site "Germany"]
[Date "2023.05.13"]
[Round "2.3"]
[White "Horstmann, Michael1111"]
[Black "Winking, Hendrik"]
[Result "0-1"]
[WhiteElo "1724"]
[BlackElo "1907"]
[PlyCount "56"]
[EventDate "2022.03.25"]
[EventType "team-k.o."]
[EventRounds "2"]
[EventCountry "GER"]
[SourceTitle "EXT 2024"]
[Source "ChessBase"]
[SourceDate "2023.10.10"]
[SourceVersion "1"]
[SourceVersionDate "2023.10.10"]
[SourceQuality "1"]
[WhiteTeam "Rheine Klein Berlin II"]
[BlackTeam "Ahaus Wessum"]
[WhiteTeamCountry "GER"]
[BlackTeamCountry "GER"]

1. c4 c6 2. Nf3 d5 3. e3 Bf5 4. Nc3 e6 5. b3 Nf6 6. Bb2 Bd6 7. Be2 0-0 8. h3 Nbd7 9. d3 Qe7 10. Nh4 Bg6 11. Nxg6 fxg6 12. Qc2 Ba3 13. 0-0-0 Rfc8 14. g4 b5 15. f4 a5 16. Nb1 Bxb2+ 17. Qxb2 a4 18. Nd2 axb3 19. axb3 bxc4 20. dxc4 Qc5 21. g5 Ne8 22. Bg4 Nf8 23. Rhe1 Rc7 24. Kc2 Rb7 25. Qd4 Ra2+ 26. Kd3 Qb4 27. Qc3 dxc4+ 28. Qxc4 Rd7+ 0-1

[Event "Muensterland Regionalliga 1920"]
[Site "Germany"]
[Date "2019.11.30"]
[Round "4.5"]
[White "Winking, Hendrik"]
[Black "Bruemmer, Andreas"]
[Result "1-0"]
[WhiteElo "1937"]
[BlackElo "1917"]
[PlyCount "137"]
[EventDate "2019.09.07"]
[EventType "team-tourn"]
[EventRounds "7"]
[EventCountry "GER"]
[SourceTitle "EXT 2023"]
[Source "ChessBase"]
[SourceDate "2022.10.05"]
[SourceVersion "1"]
[SourceVersionDate "2022.10.05"]
[SourceQuality "1"]
[WhiteTeam "Ahaus Wessum"]
[BlackTeam "Rheine Klein Berlin"]
[WhiteTeamCountry "GER"]
[BlackTeamCountry "GER"]

1. d4 f5 2. c4 Nf6 3. Nc3 g6 4. e3 Bg7 5. Be2 d6 6. h4 h6 7. Nh3 e5 8. dxe5 dxe5 9. Qxd8+ Kxd8 10. Bd2 Be6 11. 0-0-0 Nbd7 12. f3 c6 13. e4 Kc7 14. Nf2 f4 15. Na4 Nh5 16. Rhe1 Ng3 17. Bd3 Bf6 18. Nh1 Bxh4 19. Nxg3 Bxg3 20. Re2 a5 21. Bc3 Rh7 22. Red2 Bh4 23. Bf1 Bf6 24. Rd6 Re7 25. c5 h5 26. b3 g5 27. Rxe6 Rxe6 28. Rxd7+ Kxd7 29. Nb6+ Ke8 30. Nxa8 Re7 31. Bxa5 g4 32. fxg4 hxg4 33. Be2 Rg7 34. Kd2 f3 35. Bf1 Bg5+ 36. Ke1 Be3 37. gxf3 gxf3 38. Nb6 Bxc5 39. Nc4 Bd4 40. Bb6 c5 41. Nd6+ Kf8 42. Nf5 Rg4 43. Nxd4 Rxe4+ 44. Ne2 c4 45. bxc4 Ke7 46. Kf2 fxe2 47. Bxe2 Ke6 48. a4 Kd7 49. a5 Rh4 50. Ke3 Rf4 51. Bd3 Kc8 52. Be4 Rf6 53. Bd5 Rf4 54. Be6+ Kb8 55. Kd3 Rf6 56. Bd5 Rf4 57. Be3 Rg4 58. Be6 Rh4 59. Bg5 Rd4+ 60. Kc3 Kc7 61. Kb4 Rd1 62. Be3 Rd3 63. Bc5 Rd1 64. Bb6+ Kc6 65. Bf5 Re1 66. Kc3 Kd6 67. Kd2 Rh1 68. Be4 Rh4 69. c5+ 1-0

[Event "Muensterland Regionalliga 1819"]
[Site "Germany"]
[Date "2019.01.12"]
[Round "5.5"]
[White "Janning, Rainer"]
[Black "Winking, Hendrik"]
[Result "1/2-1/2"]
[WhiteElo "1876"]
[BlackElo "1927"]
[PlyCount "30"]
[EventDate "2018.09.08"]
[EventType "team-tourn"]
[EventRounds "9"]
[EventCountry "GER"]
[SourceTitle "EXT 2020"]
[Source "ChessBase"]
[SourceDate "2019.10.17"]
[SourceVersion "1"]
[SourceVersionDate "2019.10.17"]
[SourceQuality "1"]
[WhiteTeam "Steinfurt"]
[BlackTeam "Ahaus Wessum"]
[WhiteTeamCountry "GER"]
[BlackTeamCountry "GER"]

1. f4 d5 2. e3 c5 3. Nf3 Nf6 4. b3 g6 5. Bb2 Bg7 6. Be2 0-0 7. 0-0 Bg4 8. Ne5 Bxe2 9. Qxe2 Nfd7 10. d4 Nc6 11. c3 cxd4 12. exd4 Ndxe5 13. fxe5 f6 14. exf6 exf6 15. Re1 Re8 1/2-1/2

[Event "Muensterland Regionalliga 1718"]
[Site "Germany"]
[Date "2018.01.13"]
[Round "5.5"]
[White "Gajic, Goran"]
[Black "Winking, Hendrik"]
[Result "0-1"]
[WhiteElo "1946"]
[BlackElo "1945"]
[PlyCount "68"]
[EventDate "2017.09.02"]
[EventType "team-tourn"]
[EventRounds "9"]
[EventCountry "GER"]
[SourceTitle "EXT 2019"]
[Source "ChessBase"]
[SourceDate "2018.10.10"]
[SourceVersion "1"]
[SourceVersionDate "2018.10.10"]
[SourceQuality "1"]
[WhiteTeam "Bocholt"]
[BlackTeam "Ahaus Wessum"]
[WhiteTeamCountry "GER"]
[BlackTeamCountry "GER"]

1. d4 Nf6 2. Nf3 d5 3. c3 Bf5 4. Bg5 e6 5. e3 Be7 6. Bxf6 Bxf6 7. Bd3 Bxd3 8. Qxd3 Nd7 9. Nbd2 c6 10. e4 Be7 11. 0-0 0-0 12. e5 c5 13. Ne1 Qb6 14. Rb1 f5 15. exf6 Bxf6 16. dxc5 Nxc5 17. Qe3 e5 18. Nd3 Nxd3 19. Qxd3 Rab8 20. Nb3 a5 21. Kh1 a4 22. Nd2 e4 23. Qe2 Bg5 24. b3 Qh6 25. Rbd1 Rf5 26. f4 Rxf4 27. Rxf4 Bxf4 28. g3 Bxd2 29. Rxd2 axb3 30. axb3 Qb6 31. Qd1 Qe6 32. Rd4 e3 33. Rf4 Qe5 34. Qe1 Rc8 0-1

[Event "Muensterland Regionalliga 1718"]
[Site "Germany"]
[Date "2017.09.30"]
[Round "2.4"]
[White "Leder, Nils"]
[Black "Winking, Hendrik"]
[Result "1/2-1/2"]
[WhiteElo "1870"]
[BlackElo "1945"]
[PlyCount "34"]
[EventDate "2017.09.02"]
[EventType "team-tourn"]
[EventRounds "9"]
[EventCountry "GER"]
[SourceTitle "EXT 2019"]
[Source "ChessBase"]
[SourceDate "2018.10.10"]
[SourceVersion "1"]
[SourceVersionDate "2018.10.10"]
[SourceQuality "1"]
[WhiteTeam "Muenster SK III"]
[BlackTeam "Ahaus Wessum"]
[WhiteTeamCountry "GER"]
[BlackTeamCountry "GER"]

1. e4 g6 2. d4 Bg7 3. f4 d6 4. Nf3 Nf6 5. Nc3 0-0 6. Be2 Nbd7 7. e5 Ne8 8. Ne4 b6 9. 0-0 e6 10. Be3 Bb7 11. Nf2 c5 12. c3 Nc7 13. exd6 Nd5 14. Bd2 cxd4 15. cxd4 N7f6 16. Ne5 Qxd6 17. Bf3 Rac8 1/2-1/2

[Event "Muensterland Verbandsliga 1516"]
[Site "Germany"]
[Date "2016.02.13"]
[Round "6.5"]
[White "Engelkamp, Stephan"]
[Black "Winking, Hendrik"]
[Result "1-0"]
[WhiteElo "1886"]
[BlackElo "1954"]
[PlyCount "83"]
[EventDate "2015.09.12"]
[EventType "team"]
[EventRounds "9"]
[EventCountry "GER"]
[SourceTitle "EXT 2017"]
[Source "ChessBase"]
[SourceDate "2016.10.25"]
[SourceVersion "1"]
[SourceVersionDate "2016.10.25"]
[SourceQuality "1"]
[WhiteTeam "Olfen"]
[BlackTeam "Ahaus Wessum"]
[WhiteTeamCountry "GER"]
[BlackTeamCountry "GER"]

1. c4 Nf6 2. Nc3 g6 3. e4 d6 4. d4 Bg7 5. f3 0-0 6. Be3 e5 7. d5 Ne8 8. Qd2 f5 9. 0-0-0 f4 10. Bf2 Rf7 11. Nge2 c5 12. Kb1 Bd7 13. Nc1 Na6 14. Be2 Nac7 15. g3 a6 16. gxf4 exf4 17. h4 b5 18. Rdg1 bxc4 19. Bxc4 Nb5 20. N1e2 Rb8 21. Ka1 Nxc3 22. Nxc3 Bb5 23. Bb3 Qe7 24. h5 g5 25. h6 Bf6 26. e5 Qxe5 27. Re1 Qf5 28. Re6 Bd3 29. Rhe1 Be5 30. Bxc5 Rd7 31. Bxd6 Bxd6 32. Rxe8+ Rxe8 33. Rxe8+ Kf7 34. Re1 Rb7 35. Rd1 Bb5 36. Ne4 Qe5 37. Re1 Kg8 38. Rg1 Be7 39. Nc3 Bd7 40. Re1 Qf6 41. Bc2 Bf5 42. Re6 1-0

[Event "Muensterland Verbandsliga 1516"]
[Site "Germany"]
[Date "2016.01.16"]
[Round "5.5"]
[White "Leder, Nils"]
[Black "Winking, Hendrik"]
[Result "1/2-1/2"]
[WhiteElo "1675"]
[BlackElo "1954"]
[PlyCount "159"]
[EventDate "2015.09.12"]
[EventType "team"]
[EventRounds "9"]
[EventCountry "GER"]
[SourceTitle "EXT 2017"]
[Source "ChessBase"]
[SourceDate "2016.10.25"]
[SourceVersion "1"]
[SourceVersionDate "2016.10.25"]
[SourceQuality "1"]
[WhiteTeam "Muenster SK V"]
[BlackTeam "Ahaus Wessum"]
[WhiteTeamCountry "GER"]
[BlackTeamCountry "GER"]

1. e4 g6 2. d4 Bg7 3. Nf3 d6 4. Bc4 Nf6 5. Nc3 0-0 6. 0-0 Nxe4 7. Nxe4 d5 8. Bd3 dxe4 9. Bxe4 c6 10. c3 Bg4 11. h3 Be6 12. Qc2 Nd7 13. Bf4 Nf6 14. Bd3 Nd5 15. Bg3 Rc8 16. Ng5 Bd7 17. a3 e5 18. Nf3 exd4 19. Nxd4 Qb6 20. Nf3 Rfe8 21. Rfe1 Ne7 22. Ne5 Be6 23. Nc4 Bxc4 24. Bxc4 Nf5 25. Bf4 Rcd8 26. Rad1 Rxd1 27. Rxd1 Bf6 28. Kf1 Kg7 29. Rd7 Re7 30. Rxe7 Nxe7 31. Qd2 Qc5 32. Bh6+ Kh8 33. Bxf7 Nf5 34. Bf4 Qe7 35. Bb3 g5 36. Bh2 b6 37. Qd3 Nh4 38. Qd6 Qxd6 39. Bxd6 Ng6 40. Bb8 a6 41. Bc7 b5 42. g3 Kg7 43. Be6 Be5 44. Bb6 Ne7 45. Ke2 Kf6 46. Bd7 Bd6 47. Bd4+ Kf7 48. Kf3 c5 49. Be3 h6 50. Ke4 b4 51. axb4 cxb4 52. c4 Ng8 53. Bc8 Nf6+ 54. Kf5 a5 55. b3 Ne8 56. Bb6 Bc7 57. Be6+ Ke7 58. Bxc7 Nxc7 59. Bg8 Ne6 60. c5 Nxc5 61. f4 gxf4 62. Kxf4 Kf6 63. Bc4 a4 64. bxa4 Nxa4 65. g4 Nb2 66. Bb3 Nd3+ 67. Ke3 Nc5 68. Bc2 Kg5 69. Kd4 b3 70. Bb1 Ne6+ 71. Kc3 Nf4 72. Kxb3 Nxh3 73. Bf5 Nf2 74. Kc3 Nxg4 75. Bc8 Kf4 76. Kd3 h5 77. Ke2 Kg3 78. Kf1 h4 79. Bxg4 Kxg4 80. Kg2 1/2-1/2

[Event "Muensterland Verbandsliga 1516"]
[Site "Germany"]
[Date "2015.12.12"]
[Round "4.5"]
[White "Winking, Hendrik"]
[Black "Theissen, Frank"]
[Result "1-0"]
[WhiteElo "1954"]
[BlackElo "1757"]
[PlyCount "28"]
[EventDate "2015.09.12"]
[EventType "team"]
[EventRounds "9"]
[EventCountry "GER"]
[SourceTitle "EXT 2017"]
[Source "ChessBase"]
[SourceDate "2016.10.25"]
[SourceVersion "1"]
[SourceVersionDate "2016.10.25"]
[SourceQuality "1"]
[WhiteTeam "Ahaus Wessum"]
[BlackTeam "Borken"]
[WhiteTeamCountry "GER"]
[BlackTeamCountry "GER"]

1. d4 d5 2. c4 e6 3. Nf3 Nf6 4. Nc3 c6 5. Bg5 Nbd7 6. a3 Be7 7. e3 0-0 8. Bd3 dxc4 9. Bxc4 Nd5 10. Bxe7 Qxe7 11. e4 Nxc3 12. bxc3 e5 13. Qc2 Nb6 14. Ba2 Qxa3 1-0

[Event "Muensterland Verbandsklasse-B 1213"]
[Site "Germany"]
[Date "2012.09.15"]
[Round "1.1"]
[White "Stoeckmann, Helmut"]
[Black "Winking, Hendrik"]
[Result "0-1"]
[WhiteElo "1971"]
[BlackElo "1966"]
[PlyCount "100"]
[EventDate "2012.09.15"]
[EventType "team-tourn"]
[EventRounds "9"]
[EventCountry "GER"]
[SourceTitle "EXT 2015"]
[Source "ChessBase"]
[SourceDate "2014.11.20"]
[SourceVersion "1"]
[SourceVersionDate "2014.11.20"]
[SourceQuality "1"]
[WhiteTeam "Telgte"]
[BlackTeam "Stadtlohn"]
[WhiteTeamCountry "GER"]
[BlackTeamCountry "GER"]

1. c4 c6 2. e4 e6 3. d4 d5 4. e5 a6 5. a4 Ne7 6. c5 b6 7. cxb6 Qxb6 8. a5 Qb4+ 9. Nc3 Nf5 10. Ra4 Qb7 11. Bd3 Ne7 12. Nf3 Nd7 13. 0-0 c5 14. Bc2 Nc6 15. dxc5 Nxc5 16. Ra1 Be7 17. Na4 Nd7 18. Qe1 Qc7 19. Bf4 Qxa5 20. Qe2 Qb4 21. Bd2 Nd4 22. Nxd4 Qxd4 23. Bc3 Qa7 24. Rfd1 0-0 25. Bd4 Qb7 26. Rd3 g6 27. Rh3 Rd8 28. Qd2 Rb8 29. Qh6 Nf8 30. Bb6 Re8 31. Rc1 Bd7 32. Nc5 Qc8 33. Bxg6 fxg6 34. Nxe6 Bxe6 35. Rxc8 Rexc8 36. Bd4 Bxh3 37. gxh3 Ne6 38. Qd2 Rb5 39. Be3 Rc4 40. Qd3 Rcb4 41. Qc2 Rc4 42. Qd3 a5 43. Bh6 Rcb4 44. Qe3 Rxb2 45. Qa7 Kf7 46. Qa8 g5 47. Qh8 Nf4 48. e6+ Kxe6 49. Qc8+ Kd6 50. f3 Rg2+ 0-1

[Event "Muensterland Verbandsliga 0809"]
[Site "Germany"]
[Date "2009.04.25"]
[Round "9.3"]
[White "Rehfeldt, Frank"]
[Black "Winking, Hendrik"]
[Result "1-0"]
[WhiteElo "2082"]
[BlackElo "1917"]
[PlyCount "95"]
[EventDate "2008.09.20"]
[EventType "team-tourn"]
[EventRounds "9"]
[EventCountry "GER"]
[SourceTitle "EXT 2010"]
[Source "ChessBase"]
[SourceDate "2010.11.25"]
[SourceVersion "1"]
[SourceVersionDate "2010.11.25"]
[SourceQuality "1"]
[WhiteTeam "Westbevern"]
[BlackTeam "Stadtlohn"]
[WhiteTeamCountry "GER"]
[BlackTeamCountry "GER"]

1. d4 a6 2. e4 b5 3. Bd3 Bb7 4. c3 e6 5. Ne2 c5 6. 0-0 d5 7. e5 cxd4 8. cxd4 Ne7 9. Bg5 Qb6 10. Nd2 Nec6 11. Nf3 Nd7 12. Rc1 h6 13. Be3 Be7 14. Bb1 Na5 15. Ng3 Nc4 16. b3 Na3 17. Bd3 b4 18. Nd2 g6 19. Qg4 Nf8 20. Nh5 Nb5 21. Nb1 Rh7 22. Qf3 gxh5 23. Bxh7 Nxh7 24. Qxh5 Bf8 25. h4 Bg7 26. Qg4 Kf8 27. Rc5 Rc8 28. Rfc1 Rxc5 29. Rxc5 Nc7 30. Nd2 Ne8 31. Nf1 Qd8 32. Ng3 Qe7 33. Nh5 f5 34. Qg6 Qf7 35. Qxf7+ Kxf7 36. Nxg7 Kxg7 37. Bd2 Nf8 38. Bxb4 Nd7 39. Rc3 Nf8 40. Rg3+ Kf7 41. Bxf8 Kxf8 42. Rg6 Kf7 43. Rxh6 Bc6 44. h5 Bb5 45. Kh2 Bd3 46. Rh7+ Kf8 47. Ra7 f4 48. h6 1-0

[Event "Muensterland Verbandsliga 0809"]
[Site "Germany"]
[Date "2009.03.21"]
[Round "8.3"]
[White "Winking, Hendrik"]
[Black "Liesmann, Karsten"]
[Result "1/2-1/2"]
[WhiteElo "1917"]
[BlackElo "1994"]
[PlyCount "31"]
[EventDate "2008.09.20"]
[EventType "team-tourn"]
[EventRounds "9"]
[EventCountry "GER"]
[SourceTitle "EXT 2010"]
[Source "ChessBase"]
[SourceDate "2010.11.25"]
[SourceVersion "1"]
[SourceVersionDate "2010.11.25"]
[SourceQuality "1"]
[WhiteTeam "Stadtlohn"]
[BlackTeam "Bocholt"]
[WhiteTeamCountry "GER"]
[BlackTeamCountry "GER"]

1. d4 d5 2. g3 Nf6 3. Bg2 e6 4. Nf3 c5 5. c3 Nc6 6. 0-0 Bd6 7. Re1 h6 8. a3 0-0 9. Nbd2 Qb6 10. Nb3 Ne4 11. Rb1 Bd7 12. Be3 a6 13. dxc5 Nxc5 14. Nxc5 Bxc5 15. Bxc5 Qxc5 16. e4 1/2-1/2

[Event "Muensterland Verbandsliga 0809"]
[Site "Germany"]
[Date "2009.01.31"]
[Round "6.2"]
[White "Hagemann, Elmar"]
[Black "Winking, Hendrik"]
[Result "1/2-1/2"]
[WhiteElo "2062"]
[BlackElo "1917"]
[PlyCount "61"]
[EventDate "2008.09.20"]
[EventType "team-tourn"]
[EventRounds "9"]
[EventCountry "GER"]
[SourceTitle "EXT 2010"]
[Source "ChessBase"]
[SourceDate "2010.11.25"]
[SourceVersion "1"]
[SourceVersionDate "2010.11.25"]
[SourceQuality "1"]
[WhiteTeam "Sendenhorst"]
[BlackTeam "Stadtlohn"]
[WhiteTeamCountry "GER"]
[BlackTeamCountry "GER"]

1. d4 d5 2. c4 c6 3. Nf3 a6 4. cxd5 cxd5 5. Nc3 Nc6 6. Bf4 Nf6 7. Rc1 e6 8. e3 Bd6 9. Bg5 h6 10. Bh4 Be7 11. Bd3 Qb6 12. 0-0 Bd7 13. Na4 Qa7 14. Nc5 b5 15. Bb1 Rc8 16. Nd3 Ne4 17. Bxe7 Nxe7 18. Rxc8+ Bxc8 19. Nfe5 0-0 20. f3 Nd6 21. Nc5 f6 22. Qd3 fxe5 23. Qh7+ Kf7 24. Nd3 Ng6 25. Nf2 Nf5 26. Ng4 exd4 27. Nxh6+ Nxh6 28. Qxg6+ Kg8 29. Qh7+ Kf7 30. Qg6+ Kg8 31. Qh7+ 1/2-1/2

[Event "Muensterland Verbandsliga 0708"]
[Site "Germany"]
[Date "2008.03.01"]
[Round "7.4"]
[White "Winking, Hendrik"]
[Black "Engelkamp, Stephan"]
[Result "1-0"]
[WhiteElo "1917"]
[BlackElo "1886"]
[PlyCount "67"]
[EventDate "2007.09.08"]
[EventType "team"]
[EventRounds "9"]
[EventCountry "GER"]
[SourceTitle "EXT 2009"]
[Source "ChessBase"]
[SourceDate "2008.11.26"]
[SourceVersion "1"]
[SourceVersionDate "2008.11.26"]
[SourceQuality "1"]
[WhiteTeam "Stadtlohn"]
[BlackTeam "Olfen"]
[WhiteTeamCountry "GER"]
[BlackTeamCountry "GER"]

1. d4 Nf6 2. c4 c5 3. e3 e6 4. Nc3 cxd4 5. exd4 Bb4 6. Bd3 0-0 7. Nge2 b6 8. Bg5 Bb7 9. 0-0 Be7 10. Rc1 d5 11. cxd5 Nxd5 12. Bxe7 Qxe7 13. Nxd5 Bxd5 14. Nc3 Bb7 15. Re1 Rd8 16. d5 Qg5 17. h4 Qxh4 18. dxe6 fxe6 19. Qe2 Re8 20. Nb5 Qg5 21. Qf1 Nd7 22. f4 Qg3 23. Nc7 Nf6 24. Be2 Ne4 25. Bh5 Rf8 26. Qf3 Qh4 27. Rxe4 Bxe4 28. Qxe4 Qxh5 29. Nxa8 Qg4 30. Rf1 Qg3 31. Nc7 g5 32. Qxe6+ Kg7 33. Qe5+ Kh6 34. fxg5+ 1-0

[Event "Muensterland Verbandsliga 0708"]
[Site "Germany"]
[Date "2008.01.12"]
[Round "5.4"]
[White "Winking, Hendrik"]
[Black "Rehfeldt, Frank"]
[Result "0-1"]
[WhiteElo "1917"]
[BlackElo "2054"]
[PlyCount "110"]
[EventDate "2007.09.08"]
[EventType "team"]
[EventRounds "9"]
[EventCountry "GER"]
[SourceTitle "EXT 2009"]
[Source "ChessBase"]
[SourceDate "2008.11.26"]
[SourceVersion "1"]
[SourceVersionDate "2008.11.26"]
[SourceQuality "1"]
[WhiteTeam "Stadtlohn"]
[BlackTeam "Westbevern"]
[WhiteTeamCountry "GER"]
[BlackTeamCountry "GER"]

1. d4 d5 2. Nf3 Nf6 3. c4 c6 4. Nc3 a6 5. e3 b5 6. cxd5 cxd5 7. Bd2 e6 8. a3 Be7 9. Bd3 Nbd7 10. 0-0 Bb7 11. Na2 Ne4 12. Bb4 0-0 13. Qe2 Bxb4 14. Nxb4 Qb6 15. Na2 Rfc8 16. Rfc1 Nd6 17. b3 Ne4 18. Qb2 Qd6 19. Rxc8+ Rxc8 20. Rc1 f6 21. Bxe4 Rxc1+ 22. Nxc1 dxe4 23. Nd2 Nb6 24. b4 Bd5 25. Qc2 f5 26. Qc5 Qxc5 27. dxc5 Nd7 28. Kf1 a5 29. Ncb3 axb4 30. axb4 Ne5 31. Nd4 Nd3 32. Nxb5 Nxb4 33. Nd4 Kf7 34. Ke2 g6 35. f3 e5 36. N4b3 exf3+ 37. gxf3 Ke6 38. e4 Bc6 39. Ke3 f4+ 40. Kf2 Bb5 41. Kg2 g5 42. Na5 Nd3 43. Nab3 Kd7 44. h4 gxh4 45. Kh3 Kc6 46. Kxh4 Nxc5 47. Kg5 Nxb3 48. Nxb3 Ba4 49. Nd2 Kc5 50. Kh6 Kd4 51. Kxh7 Bd1 52. Kg6 Kd3 53. Nf1 Bxf3 54. Kf5 Kd4 55. Nd2 Bd1 0-1

[Event "Muensterland Verbandsliga 0607"]
[Site "Germany"]
[Date "2007.05.05"]
[Round "9.2"]
[White "Koetterheinrich, Dennis"]
[Black "Winking, Hendrik"]
[Result "1-0"]
[WhiteElo "1974"]
[BlackElo "1889"]
[PlyCount "87"]
[EventDate "2006.09.16"]
[EventType "team"]
[EventRounds "9"]
[EventCountry "GER"]
[SourceTitle "EXT 2008"]
[Source "ChessBase"]
[SourceDate "2007.11.25"]
[SourceVersion "1"]
[SourceVersionDate "2007.11.25"]
[SourceQuality "1"]
[WhiteTeam "Saerbeck"]
[BlackTeam "Stadtlohn"]
[WhiteTeamCountry "GER"]
[BlackTeamCountry "GER"]

1. e4 d6 2. d4 g6 3. Nf3 Bg7 4. Nc3 Nf6 5. Be2 0-0 6. 0-0 Nbd7 7. Be3 e5 8. Nd2 exd4 9. Bxd4 Ne5 10. Nc4 Nc6 11. Be3 Nxe4 12. Nxe4 d5 13. Bg5 f6 14. Nxf6+ Bxf6 15. Bxf6 Rxf6 16. Ne3 Ne7 17. Qd4 Rd6 18. Rad1 Be6 19. Rfe1 Qd7 20. Ng4 Bxg4 21. Bxg4 Nf5 22. Bxf5 gxf5 23. Re5 Re8 24. g3 c6 25. Rxe8+ Qxe8 26. Qxa7 Re6 27. Kg2 Re2 28. Qa4 b5 29. Qf4 Qf8 30. Rd2 Re4 31. Qg5+ Kh8 32. Qh5 Qf6 33. c3 Qe6 34. Qg5 h6 35. Qh5 Rg4 36. f3 Rg5 37. Qh4 Kh7 38. Kf2 Rg7 39. Re2 Qd6 40. Qh5 Qg6 41. Qxg6+ Rxg6 42. Re7+ Kg8 43. Ke3 Kf8 44. Re5 1-0

[Event "Muensterland Verbandsliga 0607"]
[Site "Germany"]
[Date "2006.12.16"]
[Round "4.2"]
[White "Winking, Hendrik"]
[Black "Kempe, Frank"]
[Result "1-0"]
[WhiteElo "1889"]
[BlackElo "2068"]
[PlyCount "83"]
[EventDate "2006.09.16"]
[EventType "team"]
[EventRounds "9"]
[EventCountry "GER"]
[SourceTitle "EXT 2008"]
[Source "ChessBase"]
[SourceDate "2007.11.25"]
[SourceVersion "1"]
[SourceVersionDate "2007.11.25"]
[SourceQuality "1"]
[WhiteTeam "Stadtlohn"]
[BlackTeam "Suedlohn"]
[WhiteTeamCountry "GER"]
[BlackTeamCountry "GER"]

1. Nf3 Nf6 2. c4 e6 3. d4 b6 4. Nc3 Bb4 5. Bg5 h6 6. Bd2 Bb7 7. e3 0-0 8. Bd3 d6 9. 0-0 c5 10. Rc1 Nbd7 11. Nb5 Bxf3 12. gxf3 Bxd2 13. Qxd2 Qe7 14. Be2 a6 15. Nc3 Rad8 16. d5 exd5 17. Nxd5 Nxd5 18. cxd5 b5 19. Kh1 f5 20. Rg1 Qf6 21. f4 Qh4 22. Rg2 Nf6 23. Bf3 g5 24. Qd3 Nh7 25. Rcg1 Kh8 26. Qc3+ Kg8 27. a3 Kf7 28. Qa5 Rd7 29. Qxa6 g4 30. Qxb5 Re7 31. Be2 Nf6 32. Bd3 Qh5 33. Qb6 c4 34. Bxc4 g3 35. fxg3 Rc8 36. Be2 Qh3 37. Bf3 Rd7 38. Rd2 h5 39. Qa6 Rg8 40. Qf1 Rxg3 41. Qxh3 Rxh3 42. Kg2 1-0

[Event "Muensterland Verbandsklasse-B 0506"]
[Site "Germany"]
[Date "2006.03.25"]
[Round "3.2"]
[White "Winking, Hendrik"]
[Black "Hoeing, Johannes"]
[Result "1/2-1/2"]
[WhiteElo "1891"]
[BlackElo "1978"]
[PlyCount "70"]
[EventDate "2005.09.03"]
[EventType "team"]
[EventRounds "9"]
[EventCountry "GER"]
[SourceTitle "EXT 2006"]
[Source "ChessBase"]
[SourceDate "2005.11.24"]
[SourceVersion "1"]
[SourceVersionDate "2005.11.24"]
[SourceQuality "1"]
[WhiteTeam "Stadtlohn"]
[BlackTeam "Suedlohn II"]
[WhiteTeamCountry "GER"]
[BlackTeamCountry "GER"]

1. e4 Nf6 2. Nc3 d5 3. exd5 Nxd5 4. Bc4 c6 5. Qf3 e6 6. Nge2 Nd7 7. d4 Qf6 8. Bxd5 exd5 9. Bf4 Be7 10. Qg3 Qg6 11. Qxg6 hxg6 12. 0-0-0 Nf8 13. h3 Be6 14. Be5 f6 15. Bc7 Kd7 16. Bg3 Re8 17. a3 Bf7 18. Rhe1 g5 19. Kb1 Ng6 20. Nc1 Nh4 21. Bxh4 Rxh4 22. Nb3 b6 23. f3 Bd6 24. Rxe8 Bxe8 25. Ne2 Bg6 26. Kc1 Rh8 27. Kd2 Re8 28. Nbc1 Bf4+ 29. Nxf4 gxf4 30. c3 Bf5 31. Re1 Rxe1 32. Kxe1 g5 33. Kf2 Ke7 34. h4 Bc8 35. hxg5 fxg5 1/2-1/2

[Event "Muensterland Verbandsklasse-B 0506"]
[Site "Germany"]
[Date "2006.01.21"]
[Round "5.2"]
[White "Winking, Hendrik"]
[Black "Melchers, Damian"]
[Result "1-0"]
[WhiteElo "1891"]
[BlackElo "1877"]
[PlyCount "81"]
[EventDate "2005.09.03"]
[EventType "team"]
[EventRounds "9"]
[EventCountry "GER"]
[SourceTitle "EXT 2006"]
[Source "ChessBase"]
[SourceDate "2005.11.24"]
[SourceVersion "1"]
[SourceVersionDate "2005.11.24"]
[SourceQuality "1"]
[WhiteTeam "Stadtlohn"]
[BlackTeam "Muenster III"]
[WhiteTeamCountry "GER"]
[BlackTeamCountry "GER"]

1. e4 c5 2. Nc3 Nc6 3. f4 e6 4. Nf3 d5 5. Bb5 dxe4 6. Bxc6+ bxc6 7. Nxe4 Nf6 8. Qe2 Be7 9. 0-0 0-0 10. d3 Ba6 11. b3 Nxe4 12. Qxe4 Bf6 13. Rb1 Qd5 14. Qe1 Rfd8 15. Bd2 c4 16. bxc4 Qd6 17. Rb3 c5 18. Bc1 Rd7 19. Ne5 Rc7 20. Qg3 Bb7 21. Bb2 Re8 22. Bc3 Ba8 23. Rfb1 Rcc8 24. h3 Rc7 25. Kh2 Rcc8 26. Qg4 Rc7 27. Qh5 Rce7 28. Qg4 Rc7 29. Qe2 Qe7 30. Qf2 Bh4 31. g3 Bf6 32. Ba5 Rcc8 33. Qe3 Qd6 34. Bc3 Rc7 35. Qe2 Rcc8 36. Qe3 Qe7 37. g4 g6 38. g5 Bg7 39. Ng4 Bxc3 40. Rxc3 Kg7 41. Qe5+ 1-0

[Event "Muensterland Verbandsklasse-B 0506"]
[Site "Germany"]
[Date "2005.09.03"]
[Round "1.2"]
[White "Winking, Hendrik"]
[Black "Wucherpfennig, Stefan"]
[Result "1/2-1/2"]
[WhiteElo "1891"]
[BlackElo "1861"]
[PlyCount "20"]
[EventDate "2005.09.03"]
[EventType "team"]
[EventRounds "9"]
[EventCountry "GER"]
[SourceTitle "EXT 2006"]
[Source "ChessBase"]
[SourceDate "2005.11.24"]
[SourceVersion "1"]
[SourceVersionDate "2005.11.24"]
[SourceQuality "1"]
[WhiteTeam "Stadtlohn"]
[BlackTeam "Luedinghausen"]
[WhiteTeamCountry "GER"]
[BlackTeamCountry "GER"]

1. Nf3 b6 2. d4 Bb7 3. c4 e6 4. Nc3 Nf6 5. a3 d5 6. Bg5 Be7 7. e3 Nbd7 8. Bd3 dxc4 9. Bxc4 0-0 10. 0-0 h6 1/2-1/2